000 00945cam a2200277 4500
999 _c8871
_d8871
001 8871
003 BD-JhCC
005 20180712120441.0
008 691201s1968 ii ac b 001 0aeng
035 _a(BD-JhCC)8871
040 _aDLC
_cDLC
_dDLC
_dBD-JhCC
041 _aeng
050 0 0 _aDS481.G3
_bA17 1968b
082 0 0 _a954.03/5
_bGAN 1968
100 0 _aGandhi,
_cMahatma,
_d1869-1948.
245 0 4 _aThe selected works of Mahatma Gandhi /
_cGeneral editor: Shriman Narayan.
260 _aAhmedabad,
_bNavajivan Pub. House
_c[1968]
300 _a6 v.
_billus., ports.
_c22 cm.
350 _a100.00
504 _a"Sources": v. 5, p. 502-504; v. 6, p. 542-544.
505 0 _av. 1-2. An autobiography.--v. 3. Satyagraha in South Africa.--v. 4. The basic works.--v. 5. Selected letters.--v. 6. The voice of truth.
600 0 0 _aGandhi,
_cMahatma,
_d1869-1948.
700 0 _aShriman Narayan,
_d1912-
942 _2ddc
_cBK